[Event "RUS-Cup"]
[Site "Omsk/Perm"]
[Date "1998.??.??"]
[Round "2"]
[White "Burmakin, Vladimir"]
[Black "Tolstikh, Nikolay"]
[Result "1-0"]
[WhiteElo "2550"]
[BlackElo "2420"]

1.d4 d5 2.c4 c6 3.Nc3 Nf6 4.Nf3 e6 5.e3 Nbd7 6.Qc2 Bd6 7.Bd3 dxc4 8.Bxc4 O-O
9.e4 e5 10.Be3 Ng4 11.Bg5 Be7 12.Bxe7 Qxe7 13.h3 exd4 14.Nxd4 Nge5 15.Be2 Rd8
16.Nf5 Qf6 17.O-O-O Nf8 18.f4 Bxf5 19.exf5 Rxd1+ 20.Rxd1 Ned7 21.g4 Qh6 22.Qe4 Qxh3
23.Rh1 Qg3 24.g5 Rd8 25.Kb1 Nb6 26.Rf1 Nd5 27.Nxd5 cxd5 28.Qd4 Qg2 29.Bd3 b6
30.a3 Rc8 31.Rg1 Qf3 32.Rf1 Qg2 33.Rg1 Qf3 34.Re1 Qg2 35.Ka2 Qd2 36.Re7 Qh2
37.Rxa7 Rc1 38.Qxb6 Qh1 39.Qb7 Ra1+ 40.Kb3 Kh8 41.Qxf7 Qd1+ 42.Bc2  1-0

[Event "Wch U14"]
[Site "Oropesa del Mar"]
[Date "1998.??.??"]
[Round "2"]
[White "Maiorov, Nikita"]
[Black "Bhat, Vinay S"]
[Result "0-1"]
[WhiteElo "2085"]
[BlackElo "2235"]

1.d4 d5 2.c4 e6 3.Nc3 c6 4.Nf3 Nf6 5.e3 Nbd7 6.Qc2 b6 7.Be2 Bb4 8.O-O Bb7
9.b3 Rc8 10.Bb2 Qc7 11.Rfd1 O-O 12.Rac1 Qb8 13.Qb1 Qa8 14.h3 Bd6 15.a3 Be7
16.Qa1 Rfd8 17.a4 Bb4 18.Na2 Bf8 19.a5 dxc4 20.bxc4 c5 21.Nc3 cxd4 22.exd4 bxa5
23.c5 Nh5 24.Ne1 Nf4 25.Bf1 e5 26.Na4 Ne6 27.Bc4 Nexc5 28.dxe5 Bxg2 29.e6 fxe6
30.Be5 Nxe5 31.Qxe5 Rxd1 32.Rxd1 Bf3 33.Rd2 Bc6 34.Bxe6+ Nxe6 35.Qxe6+ Kh8
36.Rd4 Re8 37.Qf7 Rxe1+ 38.Kh2 Rh1+ 39.Kg3 Qb8+ 40.f4 Rg1+ 41.Kh4 g5+  0-1

[Event "Wch U14"]
[Site "Oropesa del Mar"]
[Date "1998.??.??"]
[Round "4"]
[White "Maiorov, Nikita"]
[Black "Zivanic, Marko"]
[Result "1/2-1/2"]
[WhiteElo "2085"]
[BlackElo "2320"]

1.d4 d5 2.c4 c6 3.Nf3 Nf6 4.Nc3 e6 5.e3 Nbd7 6.Qc2 Bd6 7.Be2 O-O 8.O-O Re8
9.h3 h6 10.Rd1 Qe7 11.a3 dxc4 12.Bxc4 e5 13.Nh4 Nf8 14.dxe5 Bxe5 15.Nf3 Bc7
16.b3 Be6 17.Bf1 Rad8 18.Bb2 Ng6 19.Nd4 Bc8 20.Nf3 Ne5 21.Nd4 Bb8 22.Nce2 Qc7
23.Ng3 Ng6 24.Nf3 Nd5 25.e4 Ndf4 26.Qc3 f6 27.b4 Qb6 28.Nf5 Qc7 29.g3 Ne6
30.Ne3 Kh7 31.Bg2 Qf7 32.Nc4 Nef8 33.Nd4 Ne6 34.h4 Nxd4 35.Rxd4 Rxd4 36.Qxd4 Ne5
37.Ne3 Nd7 38.Nc4 Ne5 39.Ne3 Nd7 40.Nc4 Ne5 41.Ne3 Qb3 42.Qc3 Qxc3 43.Bxc3 Rd8
44.Rd1 Rxd1+ 45.Nxd1 Nc4 46.a4 Bg4 47.Nb2 Nxb2 48.Bxb2 Bd6 49.Ba3 Bd1  1/2-1/2

[Event "Wch U14"]
[Site "Oropesa del Mar"]
[Date "1998.??.??"]
[Round "6"]
[White "Vovsha, Eli"]
[Black "Jeremic, Veljko"]
[Result "1-0"]
[WhiteElo "2225"]
[BlackElo "2120"]

1.Nf3 d5 2.d4 c6 3.c4 e6 4.e3 Nf6 5.Nc3 Nbd7 6.Qc2 Bd6 7.g4 h6 8.h3 b6 9.cxd5 exd5
10.Bd2 Bb7 11.O-O-O c5 12.Nh4 O-O 13.Nf5 cxd4 14.exd4 Bb4 15.f3 Rc8 16.Kb1 Ne8
17.a3 Bxc3 18.Bxc3 g6 19.Nxh6+ Kg7 20.Qd2 Rxc3 21.bxc3 b5 22.h4 Nd6 23.h5 Nb6
24.hxg6 fxg6 25.Nf5+ Rxf5 26.gxf5 Nxf5 27.Qh2  1-0

[Event "Wch U14"]
[Site "Oropesa del Mar"]
[Date "1998.??.??"]
[Round "8"]
[White "Vovsha, Eli"]
[Black "Alcazar Jimenez, Jesus"]
[Result "1/2-1/2"]
[WhiteElo "2235"]
[BlackElo "2105"]

1.d4 d5 2.c4 c6 3.Nf3 Nf6 4.Nc3 e6 5.e3 Nbd7 6.Qc2 Bd6 7.Bd3 O-O 8.O-O e5
9.cxd5 cxd5 10.e4 dxe4 11.Nxe4 Nxe4 12.Bxe4 h6 13.Be3 exd4 14.Bxd4 Nf6 15.Bf5 Qa5
16.Nh4 Be5 17.Bxe5 Qxe5 18.Rae1 Qd4 19.g3 Bxf5 20.Nxf5 Qb4 21.a3 Qb6 22.Rd1  1/2-1/2

[Event "Atom Cup GM 3rd"]
[Site "Paks"]
[Date "1998.??.??"]
[Round "3"]
[White "Gershon, Alik"]
[Black "Karolyi, Tibor Jr"]
[Result "0-1"]
[WhiteElo "2460"]
[BlackElo "2425"]

1.d4 d5 2.c4 c6 3.Nf3 Nf6 4.Nc3 e6 5.e3 Nbd7 6.Bd3 dxc4 7.Bxc4 b5 8.Bd3 a6
9.e4 c5 10.e5 cxd4 11.Nxb5 axb5 12.exf6 gxf6 13.Be4 Ra6 14.Qxd4 Rd6 15.Qe3 Nc5
16.O-O Nxe4 17.Qxe4 Rd5 18.Qe2 Bg7 19.Be3 O-O 20.Rfd1 Qd6 21.Rxd5 Qxd5 22.Rd1 Qb7
23.Qd2 Qa8 24.h4 Bb7 25.Ne1 Qxa2 26.h5 Qd5 27.Qe2 Qe5 28.Rd4 f5 29.Nd3 Qf6
30.Rd7 Bd5 31.Qd2 h6 32.Qb4 Ra8 33.Ba7 Qg5 34.Nf4 Be5 35.g3 Bxf4 36.Qxf4 Qxh5
37.Rxd5 exd5 38.Kg2 Qg4 39.Qd6 f4 40.Qe5 f3+ 41.Kg1  0-1

[Event "HUN-ch U16"]
[Site "Paks"]
[Date "1998.??.??"]
[Round "5"]
[White "Szeberenyi, Adam"]
[Black "Dobcsanyi, David"]
[Result "1-0"]
[WhiteElo "2220"]
[BlackElo "2155"]

1.d4 d5 2.c4 c6 3.Nc3 Nf6 4.e3 e6 5.Nf3 Be7 6.Qc2 O-O 7.Bd3 dxc4 8.Bxc4 c5
9.O-O Nc6 10.Rd1 cxd4 11.exd4 Nb4 12.Qe2 Nbd5 13.Ne5 Bd7 14.Bg5 Nxc3 15.bxc3 Ba4
16.Re1 Bd7 17.Rad1 Nd5 18.Bxd5 Bxg5 19.Bxb7 Ba4 20.Rb1 Rb8 21.Be4 Qc7 22.Qd3 h6
23.Qa6 Bd7 24.Nxd7 Qxd7 25.Bc2 Bd2 26.Qd3  1-0

[Event "Pardubice Czech op"]
[Site "Pardubice"]
[Date "1998.??.??"]
[Round "2"]
[White "Timoshchenko, Gennadi A"]
[Black "Sosnicki, Michal"]
[Result "1-0"]
[WhiteElo "2520"]
[BlackElo "2385"]

1.d4 d5 2.c4 c6 3.Nf3 Nf6 4.Nc3 e6 5.e3 Nbd7 6.Qc2 b6 7.Be2 Bb7 8.O-O Be7
9.b3 Rc8 10.Bb2 c5 11.Rad1 cxd4 12.exd4 O-O 13.Ne5 a6 14.Bd3 h6 15.Qe2 dxc4
16.bxc4 Qc7 17.f4 Rfe8 18.Kh1 Bd6 19.Nb1 Rcd8 20.Nd2 Qb8 21.a3 Qa8 22.Rf2 Re7
23.Rdf1 Rde8 24.h3 Bc7 25.Qe3 Bd6 26.Re1 Qb8 27.Qg3 Nh5 28.Qh4 Nhf6 29.Re3 Qa8
30.Rg3 Kh8 31.d5 Bxe5 32.fxe5 Nxd5 33.cxd5 Bxd5 34.Rf6  1-0

[Event "Pardubice Czech op"]
[Site "Pardubice"]
[Date "1998.??.??"]
[Round "2"]
[White "Lorscheid, Gerhard"]
[Black "Goloshchapov, Alexander"]
[Result "1/2-1/2"]
[WhiteElo "2315"]
[BlackElo "2400"]

1.d4 d5 2.c4 c6 3.Nc3 Nf6 4.e3 e6 5.Nf3 Nbd7 6.Qc2 Bd6 7.b3 O-O 8.Be2 Qe7
9.O-O dxc4 10.bxc4 e5 11.a4 Re8 12.Rd1 exd4 13.exd4 Nf8 14.h3 Ng6 15.Re1 Nf4
16.c5 Bc7 17.Bxf4 Bxf4 18.Bc4 Be6 19.Bxe6 fxe6 20.Re2 Qd7 21.Rae1 Re7 22.Ne5 Rc8
23.Qb3  1/2-1/2

[Event "Pardubice Czech op"]
[Site "Pardubice"]
[Date "1998.??.??"]
[Round "3"]
[White "Ftacnik, Lubomir"]
[Black "Buturin, Vladimir"]
[Result "1-0"]
[WhiteElo "2580"]
[BlackElo "2460"]

1.d4 d5 2.c4 c6 3.Nc3 e6 4.e3 Nf6 5.Nf3 Nbd7 6.Bd3 dxc4 7.Bxc4 b5 8.Be2 Bb7
9.O-O Bd6 10.e4 e5 11.Bg5 O-O 12.Rc1 a6 13.dxe5 Nxe5 14.Nd4 Ng6 15.Nf5 Be5
16.Qc2 Qb8 17.g3 Re8 18.Rfd1 c5 19.Bf3 c4 20.Bg2 Ne7 21.Bxf6 gxf6 22.Nh6+ Kg7
23.Ng4 Bc8 24.Nxe5 Qxe5 25.Nd5 Bb7 26.f4 Qe6 27.f5 Qe5 28.Nb6 Rad8 29.Qf2 Qc7
30.g4 Rd6 31.Rxd6 Qxd6 32.e5 Qxe5 33.Bxb7 Rd8 34.Re1 Qc7 35.Bg2 Rd6 36.Qe3 Rd3
37.Qf2 Rd6 38.Na8 Qd8 39.Qe2 Nd5 40.Qe8 Qa5 41.g5 Qd2 42.gxf6+ Nxf6 43.Qe5 b4
44.Nc7 Rd8 45.Kh1 Qd4 46.Qe7 Kh6 47.Qxf7 Rg8 48.Nd5 Rxg2 49.Qf8+  1-0

[Event "Pardubice Czech op"]
[Site "Pardubice"]
[Date "1998.??.??"]
[Round "4"]
[White "Tihonov, Jurij"]
[Black "Spesny, Jan"]
[Result "1/2-1/2"]
[WhiteElo "2400"]
[BlackElo "2250"]

1.d4 d5 2.c4 c6 3.Nf3 Nf6 4.Nc3 e6 5.e3 Nbd7 6.Qc2 Bd6 7.g4 Nxg4 8.Rg1 Nxh2
9.Nxh2 Bxh2 10.Rxg7 Bd6 11.Bd2 Nf8 12.Rg1 dxc4 13.Bxc4 Bd7 14.Ne4 Be7 15.Bc3 Ng6
16.d5 cxd5 17.Bxh8 Rc8 18.Nd2 dxc4 19.O-O-O f5 20.Bc3 b5 21.Nf3 b4 22.Ne5 bxc3
23.Nxd7 Qa5 24.f4 Rc7 25.Ne5 Nxe5 26.fxe5 cxb2+ 27.Kb1 c3 28.Rg8+ Kf7 29.Rh8 Qxe5
30.Rxh7+ Kf8 31.Rdh1 Qe4 32.Qxe4 fxe4 33.Kc2 a5 34.a4 Rc4 35.Rf1+ Ke8 36.Rh8+ Kd7
37.Rd1+ Bd6 38.Ra8 Kc7 39.Rxa5 Bc5 40.Re1 Bb6 41.Re5 Rxa4 42.Rxe6 Rc4 43.Rg6 Bc5
44.Rh1 Rb4 45.Rh7+ Be7 46.Rh1 Kd7 47.Rd1+ Ke8 48.Rc6 Kf7 49.Rf1+ Kg7 50.Rxc3 Bf6
51.Rc7+ Kg8 52.Kb1 Rb6 53.Rc4 Bg7 54.Rxe4 Ra6 55.Kc2 Rc6+ 56.Kd2 Rd6+ 57.Kc2 Rh6
58.Rg4 Rh2+ 59.Kd3 Kh7 60.Rgg1 Bh6 61.Re1 Rh5 62.Rh1 Ra5 63.Kc3 Rb5 64.Rb1 Kg6
65.Rxh6+ Kxh6 66.Rxb2 Rg5 67.e4 Kg7 68.Rf2 Ra5 69.Kb4 Re5  1/2-1/2

[Event "Pardubice Czech op"]
[Site "Pardubice"]
[Date "1998.??.??"]
[Round "4"]
[White "Gutman, Gennadi"]
[Black "Shabanov, Yuri"]
[Result "1-0"]
[WhiteElo "2410"]
[BlackElo "2495"]

1.d4 d5 2.Nf3 Nf6 3.c4 c6 4.Nc3 e6 5.e3 Nbd7 6.Bd3 Bd6 7.O-O O-O 8.e4 dxe4
9.Nxe4 Nxe4 10.Bxe4 h6 11.Bc2 e5 12.Qd3 f5 13.c5 Bc7 14.dxe5 Nxe5 15.Qb3+ Kh8
16.Re1 Qf6 17.Bf4 Be6 18.Bxe5 Bxb3 19.Bxf6 Bxc2 20.Re7 Rxf6 21.Rxc7 b6 22.Ne5 Be4
23.f4 bxc5 24.Rc1 Kg8 25.Rc3 Re6 26.Rb3 Rd6 27.h4 Rd2 28.Rg3 g5 29.hxg5 h5
30.Nf7 h4 31.Nh6+ Kh8 32.g6 Rd1+ 33.Kf2  1-0

[Event "Pardubice Czech op"]
[Site "Pardubice"]
[Date "1998.??.??"]
[Round "6"]
[White "Gutman, Gennadi"]
[Black "Pavasovic, Dusko"]
[Result "1/2-1/2"]
[WhiteElo "2410"]
[BlackElo "2505"]

1.d4 d5 2.c4 e6 3.Nc3 c6 4.e3 Nf6 5.Nf3 Nbd7 6.Qc2 Bd6 7.Be2 O-O 8.O-O dxc4
9.Bxc4 b5 10.Be2 a6 11.e4 e5 12.Rd1 Qc7 13.h3 exd4 14.Nxd4 Re8 15.a3 Bh2+
16.Kh1 Be5 17.Be3 c5 18.Nf5 Nb6 19.Bf3 Bxf5 20.exf5 Rad8 21.a4 Bxc3 22.Qxc3 Nxa4
23.Qc2 Rxd1+ 24.Rxd1 c4 25.g4 h6 26.h4 Qe5 27.g5 Ne4 28.Bxe4 Qxe4+ 29.Qxe4 Rxe4
30.Kg2 Rxh4 31.Rd8+ Kh7 32.f4 hxg5 33.fxg5 Nxb2 34.Rd7 Kg8 35.Rd8+ Kh7 36.Rd7 Re4
37.Kf3 Re8 38.Rxf7 Kg8 39.Rc7 Re5 40.Bd4 Rxf5+ 41.Kg4 Rf7 42.Rc8+ Rf8 43.Rc7 Rf7
44.Rc8+ Rf8 45.Rc7 Rf7 46.Rc8+ Kh7 47.Bxb2  1/2-1/2

[Event "Telecom op"]
[Site "Pardubice"]
[Date "1998.??.??"]
[Round "7"]
[White "Popov, Roman"]
[Black "Hornicek, Jiri"]
[Result "0-1"]
[WhiteElo "2480"]
[BlackElo "2265"]

1.Nf3 Nf6 2.c4 c6 3.d4 d5 4.Nc3 e6 5.e3 Nbd7 6.Bd3 dxc4 7.Bxc4 b5 8.Be2 Bb7
9.O-O Be7 10.a3 a6 11.b4 a5 12.bxa5 Qxa5 13.Bb2 O-O 14.e4 Rfc8 15.Qd3 Ba6
16.Qe3 Nb6 17.Nd2 Na4 18.Nxa4 bxa4 19.Nc4 Qc7 20.Rab1 Rab8 21.Bc3 Rxb1 22.Rxb1 Rb8
23.Rc1 Bxc4 24.Bxc4 Bxa3 25.Ra1 Bb4 26.f3 Qa5 27.Rb1 Nd7 28.Qf4 Rb7 29.Ba1 Bd6
30.Qc1 Rxb1 31.Qxb1 Qd2 32.g3 Bb4 33.Qf1 Nb6 34.Bd3 Bc3 35.Bxc3 Qxc3 36.d5 exd5
37.exd5 Nxd5 38.Qb1 g6  0-1

[Event "Pardubice Czech op"]
[Site "Pardubice"]
[Date "1998.??.??"]
[Round "8"]
[White "Timoshchenko, Gennadi A"]
[Black "Goloshchapov, Alexander"]
[Result "1/2-1/2"]
[WhiteElo "2520"]
[BlackElo "2400"]

1.d4 d5 2.c4 c6 3.Nf3 Nf6 4.Nc3 e6 5.e3 Nbd7 6.Qc2 Bd6 7.Bd3 dxc4 8.Bxc4 b5
9.Be2 Bb7 10.O-O O-O 11.Rd1 Qc7 12.h3 a6 13.e4 e5 14.dxe5 Nxe5 15.Nd4 Ned7
16.Nf5 Bh2+ 17.Kh1 Be5 18.Be3 g6 19.Nh6+ Kg7 20.Rac1 c5 21.Ng4 Nxg4 22.hxg4 Rfd8
23.Nd5 Bxd5 24.Rxd5 c4 25.g5 Nf8 26.Qd2 Rxd5 27.exd5 Kg8 28.g3 Qd6 29.Bf3 Rc8
30.Kg2 Nd7 31.Bg4 Rd8 32.f4 Bg7 33.Bf3 Nc5 34.Bxc5 Qxc5 35.Rc2 b4 36.Qe2 c3
37.bxc3 bxc3 38.Qxa6 Bd4  1/2-1/2

[Event "HUN-ch op"]
[Site "Pecs"]
[Date "1998.??.??"]
[Round "7"]
[White "Zemerov, Vladimir"]
[Black "Ivan, Zoltan"]
[Result "1-0"]
[WhiteElo "2330"]
[BlackElo "2220"]

1.Nf3 d5 2.d4 Nf6 3.c4 e6 4.Nc3 c6 5.e3 Bd6 6.Be2 Nbd7 7.Qc2 O-O 8.b3 e5
9.Bb2 e4 10.Nd2 Re8 11.a3 Nf8 12.h3 Ng6 13.c5 Bc7 14.O-O-O Be6 15.b4 b5 16.Nb3 Nh4
17.Bf1 a5 18.Nxa5 Bxa5 19.bxa5 Qxa5 20.Na2 Nd7 21.Qd2 Qc7 22.Qe1 g5 23.Qc3 f5
24.Be2 Ra4 25.Nb4 Rea8 26.Rdg1 h6 27.Bd1 R4a7 28.f3 Nf6 29.Kb1 Rc8 30.Qe1 Ng6
31.g4 exf3 32.Bxf3 Ne4 33.h4 fxg4 34.Bxe4 dxe4 35.hxg5 Qe7 36.d5 cxd5 37.Rxh6 Qxg5
38.Rgh1 g3 39.R6h5 Qg4 40.Qc3 d4 41.Qxd4 Rf8 42.Rh8+ Kf7 43.R8h7+ Ke8 44.Rxa7 g2
45.Ra8+ Bc8 46.Rxc8+ Qxc8 47.Qxe4+ Ne7 48.Qxg2 Qxc5 49.Qa8+ Qc8 50.Qxc8+ Nxc8
51.Rh8 Nd6 52.Rxf8+ Kxf8 53.Kc2 Nc4 54.Bc1 Ke7 55.Kd3 Kd6 56.Kd4  1-0

[Event "HUN-ch op"]
[Site "Pecs"]
[Date "1998.??.??"]
[Round "9"]
[White "Farago, Ivan"]
[Black "Varga, Peter"]
[Result "1-0"]
[WhiteElo "2475"]
[BlackElo "2390"]

1.d4 Nf6 2.c4 c6 3.Nc3 d5 4.e3 e6 5.Nf3 Nbd7 6.Qc2 Be7 7.b3 b6 8.Bb2 Bb7
9.Rd1 O-O 10.Bd3 h6 11.O-O Qc7 12.Qe2 c5 13.Ne5 Rad8 14.Nb5 Qb8 15.cxd5 Bxd5
16.e4 Bb7 17.Nxd7 Nxd7 18.d5 exd5 19.exd5 Bf6 20.d6 Bxb2 21.Qxb2 Nf6 22.Qe5 Rfe8
23.Qg3 Ne4 24.Bxe4 Rxe4 25.Rfe1 a6 26.Nc7 Qc8 27.Rxe4 Bxe4 28.h3 Bb7 29.Ne8 Rxe8
30.d7 Re1+ 31.Rxe1 Qxd7 32.Qb8+ Kh7 33.Re8 f6 34.Rh8+ Kg6 35.Qe8+ Qxe8 36.Rxe8 b5
37.Re6 c4 38.bxc4 bxc4 39.Rb6 Bc8 40.Rc6 Bb7 41.Rxc4 Bd5 42.Ra4 Bb7 43.a3 Kf5
44.f3 g5 45.Kf2 h5 46.Ke3 h4 47.Ra5+ Ke6 48.Kd4 Kd6 49.Rc5 Bc6 50.Rc2 Bb5
51.f4 Bc6 52.Rf2 Ke6 53.Kc5 Bb5 54.Kb6 Bd3 55.a4 Bc4 56.Kc5 Bd3 57.Kd4 Bg6
58.fxg5 fxg5 59.Rb2 Kf5 60.Rb6 Be8 61.Rxa6 Kf4 62.a5 Kg3 63.Re6 Bd7 64.a6 Bxe6
65.a7 Kxg2 66.a8=Q+ Kxh3 67.Qf3+ Kh2 68.Qe2+  1-0

[Event "Plzen opJ-C"]
[Site "Plzen"]
[Date "1998.??.??"]
[Round "9"]
[White "Suran, Jan"]
[Black "Kozlov, Oleg"]
[Result "1/2-1/2"]
[WhiteElo "2295"]
[BlackElo "2410"]

1.Nf3 d5 2.d4 Nf6 3.c4 e6 4.Nc3 c6 5.e3 a6 6.Bd3 dxc4 7.Bxc4 b5 8.Bd3 c5
9.O-O Bb7 10.Qe2 Nc6  1/2-1/2

[Event "Plzen opJ"]
[Site "Plzen"]
[Date "1998.??.??"]
[Round "9"]
[White "Neumann, Peter"]
[Black "Solodovnichenko, Yuri"]
[Result "1/2-1/2"]
[WhiteElo "2360"]
[BlackElo "2415"]

1.d4 Nf6 2.c4 c6 3.Nc3 d5 4.Nf3 e6 5.e3 Nbd7 6.Bd3 dxc4 7.Bxc4 b5 8.Bd3 a6
9.e4 c5 10.d5 c4 11.dxe6 cxd3 12.exd7+ Qxd7 13.Bg5 Bb7 14.O-O Be7 15.e5 Ne4
16.Bxe7 Kxe7 17.Nxe4 Bxe4 18.Ng5 Bb7 19.Qb3 Qd5 20.Qb4+ Ke8 21.Qg4 h5 22.Qh3 Rh6
23.Rad1 Rd8 24.Rfe1 Rg6 25.Ne4 d2 26.Re2 Qxe4 27.Rxe4 Bxe4 28.Qxh5 Bxg2 29.Qxg6  1/2-1/2

[Event "Porto San Giorgio op"]
[Site "Porto San Giorgio"]
[Date "1998.??.??"]
[Round "8"]
[White "Lazarev, Vladimir"]
[Black "Khenkin, Igor"]
[Result "1/2-1/2"]
[WhiteElo "2490"]
[BlackElo "2565"]

1.d4 d5 2.c4 c6 3.Nf3 Nf6 4.Nc3 e6 5.e3 Nbd7 6.Qc2 Bd6 7.e4 Nxe4 8.Nxe4 dxe4
9.Qxe4 Bb4+ 10.Bd2 Bxd2+ 11.Nxd2 c5 12.Nb3 cxd4 13.O-O-O O-O 14.Bd3 Nf6 15.Qxd4 Qxd4
16.Nxd4 Rd8  1/2-1/2

[Event "Mitropa Cup"]
[Site "Portoroz"]
[Date "1998.??.??"]
[Round "3"]
[White "Zueger, Beat"]
[Black "Kovacevic, Vlatko"]
[Result "1-0"]
[WhiteElo "2425"]
[BlackElo "2520"]

1.c4 c6 2.Nf3 d5 3.e3 Nf6 4.Nc3 e6 5.d4 Nbd7 6.Qc2 Be7 7.Bd3 a6 8.b3 b5 9.O-O Bb7
10.Rd1 dxc4 11.bxc4 bxc4 12.Bxc4 Qc7 13.Rb1 c5 14.d5 exd5 15.Rxb7 Qxb7 16.Nxd5 Nb6
17.Nxb6 Qxb6 18.Qa4+ Kf8 19.Ng5 h6 20.Nxf7 Rh7 21.Ne5  1-0

[Event "Mitropa Cup"]
[Site "Portoroz"]
[Date "1998.??.??"]
[Round "5"]
[White "Arlandi, Ennio"]
[Black "Tabernig, Bernhard"]
[Result "0-1"]
[WhiteElo "2440"]
[BlackElo "2330"]

1.d4 d5 2.c4 c6 3.e3 Nf6 4.Nc3 e6 5.Nf3 Nbd7 6.Qc2 Bd6 7.Bd3 dxc4 8.Bxc4 Qe7
9.O-O O-O 10.a3 e5 11.h3 Bb8 12.Ba2 h6 13.Nh4 Rd8 14.Nf5 Qe8 15.Ne2 Nf8 16.dxe5 Qxe5
17.Nfg3 Be6 18.f4 Qd6 19.Bb1 a6 20.e4 Ba7+ 21.Kh2 Qc5 22.e5 N6d7 23.Nc3 b5
24.Nge4 Qb6 25.Re1 Qc7 26.Qe2 Nc5 27.Nxc5 Bxc5 28.Bc2 Bc4 29.Qf3 Ne6 30.Qe4 Bf2
31.Rd1 g6 32.Be3 Bd5 33.Qd3 Bf3 34.Bb6 Rxd3 35.Bxc7 Rxc3 36.Rdc1 Rc4 37.b3 Rxf4
38.gxf3 Nxc7 39.Be4 Rxe4 40.fxe4  0-1

[Event "Mitropa Cup"]
[Site "Portoroz"]
[Date "1998.??.??"]
[Round "6"]
[White "Benitah, Yohan"]
[Black "Borgo, Giulio"]
[Result "1/2-1/2"]
[WhiteElo "2345"]
[BlackElo "2445"]

1.d4 d5 2.c4 e6 3.Nc3 c6 4.e3 Nf6 5.Nf3 Nbd7 6.Qc2 Bd6 7.Bd3 dxc4 8.Bxc4 O-O
9.O-O Qe7 10.h3 Re8 11.Bb3 h6 12.Nd2 e5 13.Nc4 Bc7 14.a4 b6 15.f4 exd4 16.exd4 Ba6
17.Bd2 Bxc4 18.Bxc4 Qd6 19.Qd3 a6 20.Rf3 b5 21.axb5 axb5 22.Rxa8 Rxa8 23.Bb3 Bb6
24.Ne2 Re8 25.Re3 Rxe3 26.Bxe3 Nc5 27.Qd1 Nxb3 28.Qxb3 Nd5 29.Kf2 Qe6 30.Qd3 f5
31.Ng3 g6 32.Ne2 Kf7 33.g3 Ke7 34.Ng1 Qe4 35.Qxe4+ fxe4 36.Ne2 h5 37.g4 hxg4
38.hxg4 Ke6 39.Ng3 Nxe3 40.Kxe3 Kd5 41.Ne2 b4 42.f5 g5 43.b3 Ba7 44.f6 c5
45.dxc5 Bxc5+ 46.Kd2 Ke6  1/2-1/2

[Event "Mitropa Cup"]
[Site "Portoroz"]
[Date "1998.??.??"]
[Round "9"]
[White "Wilhelmi, Christian"]
[Black "Borgo, Giulio"]
[Result "1-0"]
[WhiteElo "2470"]
[BlackElo "2445"]

1.d4 d5 2.Nf3 c6 3.c4 e6 4.e3 Nf6 5.Nc3 Nbd7 6.Qc2 Bd6 7.g4 dxc4 8.Bxc4 Nd5
9.Bd2 b6 10.Rg1 Bb7 11.g5 Qc7 12.Rc1 Nxc3 13.Bxc3 O-O-O 14.Be2 Kb8 15.h4 Rde8
16.a3 Rc8 17.b4 Qd8 18.Rd1 Qe7 19.Qd3 Rcd8 20.Kf1 f5 21.Qc2 Bc7 22.Qb2 Rhf8
23.a4 Rde8 24.a5 g6 25.axb6 axb6 26.Ke1 Bc8 27.Ra1 Bb7 28.Rd1 Bc8 29.b5 Bb7
30.bxc6 Bxc6 31.Ra1 f4 32.Bb4 Bd6 33.Bxd6+ Qxd6 34.Ne5 fxe3 35.fxe3 Re7 36.Ra6 Kb7
37.Nc4 Qc7 38.Qa3 Qh2 39.Rg4 Ref7 40.Nd6+ Kc7  1-0

[Event "Pribram Cup"]
[Site "Pribram"]
[Date "1998.??.??"]
[Round "?"]
[White "Smejkal, Jan"]
[Black "Saljova, Silvie"]
[Result "1-0"]
[WhiteElo "2525"]
[BlackElo "2225"]

1.c4 Nf6 2.Nc3 c6 3.d4 d5 4.e3 e6 5.Nf3 Nbd7 6.Qc2 Bd6 7.Bd3 O-O 8.O-O dxc4
9.Bxc4 e5 10.h3 exd4 11.exd4 Nb6 12.Bb3 Qc7 13.Bd2 Bf4 14.Rac1 Bxd2 15.Qxd2 Qd6
16.Rfe1 h6 17.Re5 Rd8 18.Rce1 Nbd5 19.Bxd5 cxd5 20.Qf4 Be6 21.Nh4 Nd7 22.Nf5 Qf8
23.Rxe6 fxe6 24.Rxe6 Re8 25.Rg6 Kh8 26.Rxg7 Qf6 27.Rxd7  1-0

[Event "Pribram Cup"]
[Site "Pribram"]
[Date "1998.??.??"]
[Round "?"]
[White "Tupy, Martin"]
[Black "Marsalek, Zdenek"]
[Result "0-1"]
[WhiteElo "2210"]
[BlackElo "2235"]

1.d4 d5 2.Nf3 Nf6 3.c4 c6 4.Nc3 e6 5.e3 Nbd7 6.Bd3 Bd6 7.O-O O-O 8.e4 dxc4
9.Bxc4 e5 10.Re1 Qc7 11.h3 b5 12.Bb3 a6 13.a3 Bb7 14.Bg5 exd4 15.Nxd4 h6
16.Be3 Rfe8 17.Nf5 Bf8 18.Rc1 Rad8 19.Qf3 c5 20.Nd5 Bxd5 21.exd5 c4 22.Bc2 Qe5
23.Red1 Bc5 24.Bf4 Qe2 25.Qg3 Nh5 26.Nxh6+ Kh8 27.Nxf7+ Kg8 28.Nh6+ Kh8  0-1

[Event "Prievidza Cup 29th"]
[Site "Prievidza"]
[Date "1998.??.??"]
[Round "7"]
[White "Boidman, Yuri"]
[Black "Koutsin, Sergey"]
[Result "1-0"]
[WhiteElo "2410"]
[BlackElo "2415"]

1.Nf3 c6 2.c4 Nf6 3.Nc3 d5 4.e3 e6 5.d4 Nbd7 6.Qc2 a6 7.b3 Be7 8.Bd3 b5 9.O-O Bb7
10.Rd1 bxc4 11.bxc4 dxc4 12.Bxc4 Qc7 13.Rb1 c5 14.d5 exd5 15.Rxb7 Qxb7 16.Nxd5 Rd8
17.Qa4 Kf8 18.Nxe7 Kxe7 19.Ba3 Rc8 20.e4 Qc6 21.Qb3 Rb8 22.Qe3 Rhe8 23.Ne5 Qc7
24.Nxf7 Kf8 25.Ng5 Rb6 26.Qh3 Qe5 27.Nxh7+ Ke7 28.f4  1-0

[Event "Ptuj"]
[Site "Ptuj"]
[Date "1998.??.??"]
[Round "?"]
[White "Brglez, Rado"]
[Black "Maksimenko, Andrei"]
[Result "1/2-1/2"]
[WhiteElo "2260"]
[BlackElo "2500"]

1.d4 d5 2.c4 e6 3.Nc3 c6 4.e3 Nf6 5.Nf3 Nbd7 6.Bd3 dxc4 7.Bxc4 b5 8.Bd3 a6
9.a4 b4 10.Ne4 Bb7 11.O-O c5 12.Nxc5 Nxc5  1/2-1/2

[Event "Ptuj"]
[Site "Ptuj"]
[Date "1998.??.??"]
[Round "?"]
[White "Zheliandinov, Viktor"]
[Black "Polajzer, Danilo"]
[Result "1/2-1/2"]
[WhiteElo "2410"]
[BlackElo "2420"]

1.d4 d5 2.c4 c6 3.Nc3 Nf6 4.Nf3 e6 5.e3 Nbd7 6.Bd3 dxc4 7.Bxc4 b5 8.Bb3 a6
9.e4 b4 10.e5 bxc3 11.exf6 cxb2 12.fxg7 Bxg7 13.Bxb2 Qa5+ 14.Qd2 Qxd2+ 15.Kxd2 c5
16.Rab1 Bb7 17.d5 Bxb2 18.dxe6 Bg7 19.Ba4 O-O-O 20.exd7+ Kc7  1/2-1/2

[Event "CRO-chT2"]
[Site "Pula"]
[Date "1998.??.??"]
[Round "1"]
[White "Stohl, Igor"]
[Black "Kuczynski, Robert"]
[Result "1/2-1/2"]
[WhiteElo "2550"]
[BlackElo "2485"]

1.d4 d5 2.c4 c6 3.Nc3 Nf6 4.Nf3 e6 5.e3 Nbd7 6.Bd3 dxc4 7.Bxc4 b5 8.Bd3 a6
9.e4 c5 10.d5 c4 11.Bc2 Qc7 12.O-O Bb7 13.dxe6 fxe6 14.Ng5 Nc5 15.Qf3 O-O-O
16.Qh3 Bd6 17.b3 cxb3 18.Bxb3 Kb8 19.Be3 h6 20.Nxe6 Nxe6 21.Bxe6 Nxe4 22.Nxe4 Bxe4
23.a4 b4 24.a5 Rde8 25.Bb6 Qc3 26.Be3  1/2-1/2

[Event "CRO-Cup"]
[Site "Pula"]
[Date "1998.??.??"]
[Round "1"]
[White "Jelen, Igor"]
[Black "Ribli, Zoltan"]
[Result "0-1"]
[WhiteElo "2430"]
[BlackElo "2565"]

1.d4 d5 2.c4 c6 3.Nc3 Nf6 4.e3 e6 5.Nf3 Nbd7 6.Bd3 dxc4 7.Bxc4 b5 8.Bd3 Bb7
9.O-O a6 10.e4 c5 11.d5 Qc7 12.dxe6 fxe6 13.Bc2 Bd6 14.Ng5 Nf8 15.f4 O-O-O
16.Qe2 h6 17.e5 hxg5 18.exd6 Qxd6 19.Be3 N8d7 20.Rad1 Qc7 21.Bc1 g4 22.Qxe6 Rde8
23.Qf7 c4 24.Rf2 Qc5 25.Rf1 g3 26.hxg3 Ng4 27.Nd1 Nxf2 28.Nxf2 Qc6  0-1

[Event "CRO-chT2"]
[Site "Pula"]
[Date "1998.??.??"]
[Round "8"]
[White "Suskovic, Matija"]
[Black "Hrvacic, Pavle"]
[Result "1/2-1/2"]
[WhiteElo "2130"]
[BlackElo "2185"]

1.d4 d5 2.Nf3 c6 3.c4 Nf6 4.e3 e6 5.Nc3 Nbd7 6.b3 b6 7.Bd3 Bb7 8.O-O Be7
9.Re1 O-O 10.Bb2 Rc8 11.Rc1 dxc4 12.Bxc4 c5 13.d5 exd5 14.Nxd5 Nxd5 15.Bxd5 Bxd5
16.Qxd5 Bf6 17.Bxf6  1/2-1/2

[Event "Regensburg op"]
[Site "Regensburg"]
[Date "1998.??.??"]
[Round "2"]
[White "Naumann, Alexander"]
[Black "Klimpel, Thomas"]
[Result "1-0"]
[WhiteElo "2375"]
[BlackElo "2155"]

1.d4 d5 2.c4 c6 3.Nf3 Nf6 4.Nc3 e6 5.e3 Nbd7 6.Qc2 Bd6 7.Bd2 O-O 8.O-O-O c5
9.cxd5 exd5 10.Ng5 Nb6 11.Nb5 c4 12.Nxd6 Qxd6 13.f3 Bd7 14.Re1 Ba4 15.Qc3 h6
16.Nh3 Rfd8 17.g4 g5 18.Nf2 a5 19.h4 Qg3 20.hxg5 hxg5 21.Re2 Kg7 22.e4 dxe4
23.fxe4 Qxc3+ 24.bxc3 Kg6 25.Bg2 Bd7 26.Bf3 Rh8 27.Ree1 Rh4 28.e5 Rxh1 29.Rxh1  1-0

[Event "Regensburg op"]
[Site "Regensburg"]
[Date "1998.??.??"]
[Round "3"]
[White "Sprotte, Norbert"]
[Black "Spiel, Marianne"]
[Result "1-0"]
[WhiteElo "2230"]
[BlackElo "2140"]

1.d4 Nf6 2.Nf3 d5 3.c4 c6 4.Nc3 e6 5.e3 Bd6 6.Bd3 Nbd7 7.e4 dxe4 8.Nxe4 Nxe4
9.Bxe4 Nf6 10.Bc2 O-O 11.O-O h6 12.b3 c5 13.Bb2 b6 14.Qd3 cxd4 15.Bxd4 Be7
16.Ne5 Bb7 17.Rfe1 Rc8 18.Ng4 Re8 19.Rad1 Kf8 20.Bxf6 Bxf6 21.Qh7 Qc7 22.Nxf6 gxf6
23.Qxh6+ Ke7 24.Qd2 Rg8 25.Qb4+ Ke8 26.Be4 Rg5 27.Qa4+ Bc6 28.Qxc6+ Qxc6
29.Bxc6+ Rxc6 30.Re3 Rc7 31.h4 Rh5 32.g3 b5 33.Red3 bxc4 34.Rc3 Ra5 35.a4 Rcc5
36.b4 Rd5 37.Rxd5 Rxd5 38.Rxc4 Rd7 39.b5 f5 40.f4 Kf8 41.a5 Kg7 42.Kg2 Rd2+
43.Kh3 Ra2 44.a6 Rb2 45.Rc7 Rxb5 46.Rxa7 Rb2 47.h5 Ra2 48.g4 fxg4+ 49.Kxg4 Ra5
50.Ra8 Ra4 51.Kf3 Kh6 52.a7 Kh7 53.Ke3 Kg7 54.Kd3 Kh7 55.Kc3 Kg7 56.Kb3 Ra1
57.Kc4 Ra4+ 58.Kc5 Kh7 59.Kd6 Ra6+ 60.Ke7 Ra4 61.h6  1-0